000
00249nam a2200109Ia 4500
008
190914s9999||||xx |||||||||||||| ||und||
100
_a
Molitoris,Joseph
245
0
_a
GRE Physics
260
_a
India
_b
S. Chand
_c
2001
300
_a
2007
942
_c
BK
999
_c
10102
_d
10102